<?xml version="1.0" encoding="UTF-8"?>
<collection xmlns="http://www.loc.gov/MARC21/slim">
 <record>
  <leader>00714nam a22002055a 4500</leader>
  <controlfield tag="001">EHU.bham043027</controlfield>
  <controlfield tag="003">AR-BHAM</controlfield>
  <controlfield tag="005">20141209104543.0</controlfield>
  <controlfield tag="008">130507s2010##################000#0#####d</controlfield>
  <datafield tag="020" ind1=" " ind2=" ">
   <subfield code="a">9789871326525</subfield>
  </datafield>
  <datafield tag="082" ind1="A" ind2="8">
   <subfield code="a">863.54</subfield>
  </datafield>
  <datafield tag="245" ind1="0" ind2="0">
   <subfield code="a">El puente secreto :</subfield>
   <subfield code="b">cuentos escritos por jóvenes acerca de los adultos mayores  /</subfield>
   <subfield code="c"> Coord. Por Silvia Molina  :</subfield>
  </datafield>
  <datafield tag="260" ind1=" " ind2=" ">
   <subfield code="a">Remedios de Escalada :</subfield>
   <subfield code="b">Unla,</subfield>
   <subfield code="c">2010</subfield>
  </datafield>
  <datafield tag="300" ind1=" " ind2=" ">
   <subfield code="a">184 p.</subfield>
  </datafield>
  <datafield tag="653" ind1=" " ind2=" ">
   <subfield code="a">Adultos mayores-literatura</subfield>
  </datafield>
  <datafield tag="653" ind1=" " ind2=" ">
   <subfield code="a">Cuento argentino-2000-</subfield>
  </datafield>
  <datafield tag="653" ind1=" " ind2=" ">
   <subfield code="a">Literatura argentina-cuentos-2000-</subfield>
  </datafield>
  <datafield tag="700" ind1="1" ind2=" ">
   <subfield code="a">Molina, Silvia, coord.</subfield>
  </datafield>
  <datafield tag="700" ind1="1" ind2=" ">
   <subfield code="a">Tangelson, Guillermo, selec.</subfield>
  </datafield>
  <datafield tag="859" ind1=" " ind2=" ">
   <subfield code="a">AR-BHAM</subfield>
   <subfield code="b">BIB. HUMANIDADES - General</subfield>
   <subfield code="h">A863.54</subfield>
   <subfield code="i">P962</subfield>
   <subfield code="k">A</subfield>
   <subfield code="p">567.14</subfield>
   <subfield code="t">Ej.1</subfield>
  </datafield>
 </record>
</collection>
